Statistics for Top 10 US States with Highest Female to Male Ratio

Click here to take the quiz!

General Stats

  • This quiz has been taken 27 times
  • The average score is 11 of 13

Answer Stats

% FemaleState% Correct
51.6New York
96%
51.6Delaware
92%
51.6Maryland
92%
51.3Connecticut
88%
51.3New Jersey
88%
51.7Rhode Island
88%
51.4South Carolina
88%
51.3Tennessee
88%
51.6Massachusetts
85%
51.3North Carolina
85%
51.4Mississippi
81%
51.5Alabama
77%
51.3Pennsylvania
77%

Score Distribution

Percentile by Number Answered

Percent of People with Each Score

Your Score History

You have not taken this quiz